| 000 | 01186nam a2200265 a 4500 | ||
|---|---|---|---|
| 001 | 45844 | ||
| 003 | BD-RjUL | ||
| 005 | 20211209054056.0 | ||
| 008 | 160728s1946 nju 100 0 eng | ||
| 035 | _a(BD-RjUL) 45962 | ||
| 040 |
_aDLC _cFNP _dSER _dEQO _dBD-RjUL _beng |
||
| 041 | _aeng | ||
| 082 |
_a338.973 _223 _b PLa 1946 |
||
| 100 |
_aAbba Ptachya Lerner; Frank D Graham _9140199 |
||
| 245 | 0 | 0 |
_aPlanning and paying for full employment / _ceditors, Abba P. Lerner and Frank D. Graham; contributors, Alfred Braunthal...[et al.] |
| 260 |
_aPrinceton : _bPrinceton University Press, _c1946. |
||
| 300 |
_a222 p. : _c25 cm. |
||
| 500 | _aSymposium of papers submitted by participants in a conference called in 1944 by the American Labor Conference on International Affairs, first published in its journal, International post-war problems, October 1945 and January 1946. cf. Introductory note. | ||
| 650 | 0 |
_aEconomic policy. _9140200 |
|
| 650 | 0 |
_aUnemployed _zUnited States. _9139824 |
|
| 651 | 0 |
_aUnited States _xEconomic policy. _9140201 |
|
| 700 | 1 |
_aLerner, Abba Ptachya, _d1903- _9140202 |
|
| 700 | 1 |
_aGraham, Frank D. _q(Frank Dunstone), _d1890-1949. _9140203 |
|
| 942 |
_2ddc _cBK |
||
| 999 |
_c45844 _d45844 |
||